Finish that Phrase! "I like a good..." - Statistics

General Stats
  • This quiz has been taken 44 times
  • The average score is 2 of 10
Answer Stats
Rank "I like a good..." % Correct
4 Time
54%
9 Game
38%
10 Party
38%
1 Fight
32%
2 Story
24%
6 Laugh
22%
5 Joke
16%
3 Challenge
14%
7 Mystery
8%
8 Grip
0%
No matching quizzes found
Score Distribution
Percent of People with Each Score
Percentile by Number Answered
Your Score History
You have not taken this quiz